| 000 | | | 06607cbc2a2200000#x 450 |
| 001 | | | 843b12b6-2b71-4f72-aabc-837c8f8c3113 |
| 005 | | | 20180405090529.0 |
| 100 | ## | $a | 20150421l18181818k l0rusy0189 ca |
| 101 | 0# | $a | rus |
| 102 | ## | $a | RU |
| 200 | 1# | $a | Дело о поднесении Александру I профессором Дерптского университета В. Я. Струве своей книги "Астрономические наблюдения" на латинском языке |
| | $j | 4 января - 28 февраля 1818 г. |
| 251 | ## | $c | Дело |
| 300 | ## | $a | Рукописный текст. Чернила |
| 300 | ## | $a | Оригинальный заголовок дела: Дело по представлению попечителя Дерптского учебного округа о поднесении Государю императору книги профессора Струве на латинском языке под названием "Астрономические наблюдения". 4 января 1818 г. - 28 февраля 1818 г. |
| 801 | #0 | $a | RU |
| | $b | РГИА |
| | $c | 20150421 |
| 801 | #1 | $a | RU |
| | $b | ГлавНИВЦ |
| | $c | 20150421 |
| | $2 | rusmarc |
| 801 | #2 | $a | RU |
| | $b | ПБ им. Б.Н. Ельцина |
| | $c | 20151229 |
| | $g | RCR |
| | $2 | rusmarc |
| 850 | ## | $a | Федеральное казенное учреждение "Российский государственный исторический архив" (РГИА) |
| 852 | ## | $a | РГИА |
| | $j | 37 |
| 937 | ## | $h | РГИА |
| | $d | 11385547 |
| | $a | ASBIBLIO_SCAN |
| 462 | #0 | $1 | 0017ff33d0d-4fb3-4ffd-a38b-3e370d0d7251 |
| | $1 | 2001 |
| | $a | Общие дела 1-го отделения Департамента народного просвещения за 1818-1840 гг. |
| | $v | Д. 37 |
| | $1 | 251 |
| | $c | Опись |
| | $1 | 852 |
| | $j | 87 |
| 461 | #0 | $1 | 001a74412a3-3cc5-4d21-8f0a-dfe2fbd9e72d |
| | $1 | 2001 |
| | $a | Департамент народного просвещения Министерства народного просвещения |
| | $1 | 251 |
| | $c | Фонд |
| | $1 | 852 |
| | $j | 733 |
| 215 | ## | $a | 12 листов |
| | $d | 36,5х26 см |
| 371 | ## | $a | Документ не является опубликованным и широко распространяемым |
| 105 | ## | $a | у### |
| 122 | 2# | $a | d18180104## |
| | $a | d18180228## |
| 517 | 1# | $a | Дело по представлению попечителя Дерптского учебного округа о поднесении Государю императору книги профессора Струве на латинском языке под названием "Астрономические наблюдения" |
| | $e | 4 января 1818 г. - 28 февраля 1818 г. |
| 035 | ## | $a | 843b12b6-2b71-4f72-aabc-837c8f8c3113 |
| 600 | #1 | $2 | nlr_sh |
| | $3 | RU\NLR\AUTH\66178370 |
| | $a | Струве |
| | $b | В.Я. |
| | $f | 1793 – 1864 |
| | $g | Василий Яковлевич |
| | $j | Документы и материалы |
| 600 | #0 | $2 | prlib_sh |
| | $3 | LIBNET\UAF\0000067886 |
| | $a | Александр |
| | $c | император российский |
| | $d | I |
| | $f | 1777-1825 |
| | $j | Документы и материалы |
| | $x | Подарки |
| 605 | ## | $2 | acquisition_Prlib |
| | $3 | DITM\AF\0000003834 |
| | $a | Народ |
| | $l | коллекция |
| 605 | ## | $a | Власть |
| | $l | коллекция |
| | $2 | acquisition_Prlib |
| | $3 | DITM\AF\0000002775 |
| 605 | ## | $a | Россия в лицах |
| | $l | коллекция |
| | $2 | acquisition_Prlib |
| | $3 | DITM\AF\0000004166 |
| 605 | ## | $a | В. Я. Струве |
| | $l | коллекция |
| | $2 | acquisition_Prlib |
| | $3 | LIBNET\UAF\0000074073 |
| 605 | ## | $a | Дом Романовых |
| | $l | коллекция |
| | $2 | acquisition_Prlib |
| | $3 | LIBNET\UAF\0000008152 |
| 686 | ## | $2 | rubbk |
| | $a | 63.3(2)521-7ю1 |
| | $v | LBC/M |
| 686 | ## | $a | 72.3ю1 |
| | $v | LBC/M |
| | $2 | rubbk |
| 686 | ## | $a | 22.6г |
| | $v | LBC/M |
| | $2 | rubbk |